[Event "13. Lovsprings EMT Basis 3 2002"]
[Site "Ringsted"]
[Date "2002.03.08"]
[Round "1"]
[White "Holst, Lasse"]
[Black "Astrup, Knud"]
[Result "1-0"]
[WhiteElo "1059"]
[BlackElo "1056"]
[PlyCount "141"]
[EventDate "2002.??.??"]

1. e4 e6 2. d4 d5 3. Nc3 Nf6 4. Bd3 c5 5. e5 Nfd7 6. Nf3 cxd4 7. Nxd4 Nxe5 8.
Bb5+ Bd7 9. Be2 Qb6 10. Rb1 Bb4 11. Be3 Bxc3+ 12. bxc3 Qc7 13. Nb5 Bxb5 14.
Bxb5+ Nbc6 15. Bf4 O-O 16. Qe2 f6 17. O-O Ne7 18. Bd2 a6 19. Ba4 N7g6 20. f4
Qc4 21. Qxc4 Nxc4 22. Bc1 b5 23. Bb3 Ne7 24. Ra1 Rac8 25. Re1 Rc6 26. a4 bxa4
27. Rxa4 a5 28. g4 Ra8 29. f5 e5 30. Rd1 Nb6 31. Ra1 Rxc3 32. Ba3 Ra7 33. Bxe7
Rxe7 34. Rxa5 e4 35. Bxd5+ Nxd5 36. Rdxd5 Rxc2 37. Ra8+ Kf7 38. Rdd8 g6 39. Rg8
gxf5 40. gxf5 Rd7 41. Raf8+ Ke7 42. Re8+ Kd6 43. Rxe4 Kc7 44. Re1 Rcd2 45. Rf8
Rg7+ 46. Kh1 Rgg2 47. Rf7+ Kd8 48. Rxh7 Rgf2 49. Ra1 Ra2 50. Rxa2 Rxa2 51. Rf7
Ra6 52. Kg2 Ke8 53. Rh7 Kf8 54. Kg3 Kg8 55. Rh6 Kg7 56. Rg6+ Kf7 57. h4 Ra1 58.
h5 Rg1+ 59. Kf4 Rf1+ 60. Ke4 Re1+ 61. Kd3 Re5 62. h6 Rxf5 63. Rg7+ Ke6 64. h7
Rh5 65. Ke4 f5+ 66. Kf4 Rh1 67. Kg5 Rg1+ 68. Kf4 Rf1+ 69. Ke3 Rh1 70. Ra7 Kf6
71. Kd4 1-0

[Event "13. Lovsprings EMT Basis 3 2002"]
[Site "Ringsted"]
[Date "2002.04.01"]
[Round "1"]
[White "Janbazi, Farzad"]
[Black "Vilsgaard, Lars"]
[Result "1/2-1/2"]
[WhiteElo "1046"]
[BlackElo "1064"]
[PlyCount "150"]
[EventDate "2002.??.??"]

1. d4 d5 2. Nf3 Nc6 3. Bf4 Bg4 4. e3 e6 5. Be2 Bf5 6. Ne5 Nxe5 7. dxe5 Be7 8.
Nd2 Bg5 9. c3 Bxf4 10. exf4 Qh4 11. Qa4+ c6 12. Nf3 Qe7 13. Nd4 Qc7 14. g4 Bg6
15. f5 exf5 16. gxf5 Bxf5 17. Nxf5 Qxe5 18. Nd4 Ne7 19. O-O-O O-O 20. Qc2 Qf4+
21. Rd2 Qxf2 22. Bd3 Qh4 23. Nf3 Qh6 24. h4 g6 25. Ng5 f5 26. c4 d4 27. Qb3 c5
28. Qxb7 Rfe8 29. Qd7 Qg7 30. Ne6 Qe5 31. Nc7 Rad8 32. Qe6+ Qxe6 33. Nxe6 Rc8
34. h5 Nc6 35. Nxc5 Nb4 36. a3 Nxd3+ 37. Nxd3 Rxc4+ 38. Rc2 Ra4 39. hxg6 hxg6
40. Rc7 Ra6 41. Rch7 Re3 42. Kd2 Rg3 43. Rh8+ Kg7 44. R1h7+ Kf6 45. Rf8+ Kg5
46. Rh2 Re6 47. Rd8 Re4 48. Nf2 Rf4 49. Nh3+ Rxh3 50. Rxh3 Rf2+ 51. Kc1 Rf1+
52. Kc2 Rf2+ 53. Kb3 Kg4 54. Rd3 f4 55. R8xd4 g5 56. Rd7 a5 57. Ra7 a4+ 58.
Rxa4 Kh4 59. Re4 g4 60. Re1 g3 61. Rdd1 Kg4 62. Rg1 Kf3 63. a4 g2 64. Rde1 Kg3
65. a5 Kh2 66. a6 Rf3+ 67. Ka2 Rd3 68. Rc1 Rd8 69. b4 Ra8 70. b5 f3 71. Rgd1 f2
72. Rc2 Kg3 73. Rcc1 Kh2 74. Rc2 Kg3 75. Rcc1 Kh2 1/2-1/2

[Event "13. Lovsprings EMT Basis 3 2002"]
[Site "Ringsted"]
[Date "2002.03.08"]
[Round "1"]
[White "Nielsen, Jonas"]
[Black "Jakobsen, Henning"]
[Result "1/2-1/2"]
[WhiteElo "1027"]
[BlackElo "1091"]
[PlyCount "41"]
[EventDate "2002.??.??"]

1. e4 e5 2. Nf3 d6 3. Nc3 Nf6 4. Bb5+ c6 5. Ba4 g6 6. h3 Bg7 7. d3 O-O 8. O-O
Nbd7 9. b4 Ne8 10. Bb3 Kh8 11. Rb1 f5 12. Bg5 Bf6 13. Bh6 Bg7 14. Bxg7+ Nxg7
15. a4 f4 16. d4 Nf6 17. dxe5 dxe5 18. Qxd8 Rxd8 19. Nxe5 Rf8 20. Nf7+ Kg8 21.
Nh6+ 1/2-1/2

[Event "13. Lovsprings EMT Basis 3 2002"]
[Site "Ringsted"]
[Date "2002.03.08"]
[Round "1"]
[White "Nielsen, Poul"]
[Black "Hoffmann, Jesper"]
[Result "1-0"]
[WhiteElo "1064"]
[BlackElo "1098"]
[PlyCount "67"]
[EventDate "2002.??.??"]

1. d4 d5 2. Nc3 Nf6 3. Bf4 a6 4. g3 Nc6 5. Bg2 Bf5 6. a3 e6 7. Nf3 Bd6 8. Bxd6
Qxd6 9. Nh4 Bg6 10. Nxg6 fxg6 11. e3 O-O 12. Qe2 e5 13. Qd3 Ne7 14. O-O-O c6
15. dxe5 Qxe5 16. f4 Qe6 17. Rde1 Ng4 18. Re2 Nf6 19. Rhe1 Rae8 20. e4 dxe4 21.
Bxe4 Nxe4 22. Rxe4 Qf7 23. Qe2 Rb8 24. Rxe7 Qf6 25. Qe6+ Qxe6 26. R7xe6 Kf7 27.
Na4 Rfc8 28. Nc5 Rc7 29. Rd6 a5 30. Red1 Rbc8 31. Rd7+ Ke8 32. Re1+ Kf8 33.
Rxc7 Rxc7 34. Ne6+ 1-0

[Event "13. Lovsprings EMT Basis 3 2002"]
[Site "Ringsted"]
[Date "2002.03.15"]
[Round "2"]
[White "Hoffmann, Jesper"]
[Black "Holst, Lasse"]
[Result "1-0"]
[WhiteElo "1098"]
[BlackElo "1059"]
[PlyCount "97"]
[EventDate "2002.??.??"]

1. e4 c5 2. Nf3 Nc6 3. Nc3 e5 4. Bc4 h6 5. h3 Nf6 6. O-O d6 7. d3 Be7 8. Re1
O-O 9. Be3 a6 10. a3 b5 11. Bd5 Nxd5 12. Nxd5 Nb8 13. Qd2 Nd7 14. b4 cxb4 15.
axb4 Bb7 16. c4 bxc4 17. dxc4 Bxd5 18. Qxd5 Nf6 19. Qc6 Qc8 20. Qxc8 Rfxc8 21.
Nd2 Bd8 22. f3 Nd7 23. Rec1 a5 24. bxa5 Rxa5 25. Rxa5 Bxa5 26. Nb3 Bb6 27. Kf2
Nc5 28. Bxc5 Bxc5+ 29. Nxc5 Rxc5 30. Kg3 f6 31. Kg4 Kf7 32. h4 g6 33. h5 Rc7
34. hxg6+ Kxg6 35. f4 Rc6 36. f5+ Kg7 37. Kh5 Ra6 38. Rc3 Ra2 39. Rd3 Rxg2 40.
Rxd6 Re2 41. c5 Rxe4 42. c6 Rc4 43. Rd7+ Kf8 44. c7 e4 45. Rd8+ Kf7 46. c8=Q
Rxc8 47. Rxc8 e3 48. Rc3 e2 49. Re3 1-0

[Event "13. Lovsprings EMT Basis 3 2002"]
[Site "Ringsted"]
[Date "2002.03.15"]
[Round "2"]
[White "Jakobsen, Henning"]
[Black "Nielsen, Poul"]
[Result "1-0"]
[WhiteElo "1091"]
[BlackElo "1064"]
[PlyCount "101"]
[EventDate "2002.??.??"]

1. d4 d5 2. c4 c6 3. Nc3 e6 4. Bd2 Be7 5. Nf3 Nf6 6. e3 Nbd7 7. cxd5 cxd5 8.
Bd3 a6 9. O-O Bd6 10. g3 Nb6 11. Rc1 O-O 12. b3 Re8 13. Ne5 Bxe5 14. dxe5 Nfd7
15. f4 Nc5 16. Bb1 Qd7 17. Ne2 Qe7 18. Bb4 Nbd7 19. Qc2 g6 20. Bxc5 Qd8 21. Bd6
Qb6 22. Nd4 f6 23. Bc7 Qa7 24. Bd6 f5 25. Kg2 Nb6 26. Bc5 Bd7 27. Bxb6 Qxb6 28.
Qc7 Qxc7 29. Rxc7 Bc8 30. h4 Rd8 31. Rfc1 Rb8 32. Re7 Kf8 33. Rxh7 Rd7 34.
Nxe6+ Kg8 35. Rh6 Re7 36. Nc7 Kg7 37. Nxd5 Rd7 38. Nf6 Rd2+ 39. Kf3 Kxh6 40.
Rc7 Bd7 41. Nxd7 Rd8 42. Nf6 Rh8 43. g4 fxg4+ 44. Nxg4+ Kh5 45. Kg3 Rd1 46. Be4
Rg1+ 47. Kh3 Rxg4 48. Bf3 g5 49. hxg5 Kg6+ 50. Kxg4 b5 51. f5# 1-0

[Event "13. Lovsprings EMT Basis 3 2002"]
[Site "Ringsted"]
[Date "2002.03.15"]
[Round "2"]
[White "Vilsgaard, Lars"]
[Black "Astrup, Knud"]
[Result "1-0"]
[WhiteElo "1064"]
[BlackElo "1056"]
[PlyCount "71"]
[EventDate "2002.??.??"]

1. e4 e6 2. Nf3 d5 3. Qe2 Be7 4. Nc3 Nf6 5. exd5 Nxd5 6. Nxd5 exd5 7. d4 O-O 8.
Be3 c6 9. Qd2 Nd7 10. Bd3 Nf6 11. O-O Qc7 12. Bf4 Bd6 13. Bxd6 Qxd6 14. h3 Re8
15. Rfe1 Be6 16. Re2 Nd7 17. Ng5 Nf8 18. Rae1 h6 19. Nf3 Bd7 20. c3 Rxe2 21.
Rxe2 Ne6 22. Bf5 Nc7 23. Bxd7 Qxd7 24. Qf4 Ne6 25. Qf5 Rd8 26. Ne5 Qc7 27. Re3
Ng5 28. h4 Ne4 29. Qg4 Qd6 30. Rf3 Nf6 31. Qf5 Qe7 32. g4 Rf8 33. g5 hxg5 34.
hxg5 Nh7 35. Rg3 g6 36. Qf4 1-0

[Event "13. Lovsprings EMT Basis 3 2002"]
[Site "Ringsted"]
[Date "2002.04.02"]
[Round "3"]
[White "Astrup, Knud"]
[Black "Hoffmann, Jesper"]
[Result "0-1"]
[WhiteElo "1056"]
[BlackElo "1098"]
[PlyCount "84"]
[EventDate "2002.??.??"]

1. f4 d5 2. Nf3 Nc6 3. e3 Nf6 4. b3 e6 5. Bb2 a6 6. Be2 Be7 7. O-O O-O 8. c4 h6
9. cxd5 Nxd5 10. Ne5 Bd7 11. Bf3 Nxe5 12. Bxe5 Bc6 13. Bxd5 Qxd5 14. Qe2 Bb5
15. Qg4 f6 16. Bxc7 Bxf1 17. Kxf1 Qc6 18. Ba5 f5 19. Qe2 Bf6 20. Bc3 Bxc3 21.
Nxc3 Qd6 22. Rd1 e5 23. fxe5 Qxe5 24. Qc4+ Kh8 25. g3 Rac8 26. Qe2 Rcd8 27. Qg2
Rd7 28. Ne2 Rfd8 29. Nf4 Kh7 30. Qe2 Qa5 31. d4 Re8 32. Rd3 Rc7 33. Qh5 Rc1+
34. Kg2 Rcc8 35. d5 Rf8 36. Qg6+ Kh8 37. Ne6 Rg8 38. Qxf5 Qxa2+ 39. Kh3 Rc2 40.
Kg4 Rxh2 41. Nf8 Qe2+ 42. Kf4 Rf2+ 0-1

[Event "13. Lovsprings EMT Basis 3 2002"]
[Site "Ringsted"]
[Date "2002.03.22"]
[Round "3"]
[White "Holst, Lasse"]
[Black "Jakobsen, Henning"]
[Result "1-0"]
[WhiteElo "1059"]
[BlackElo "1091"]
[PlyCount "145"]
[EventDate "2002.??.??"]

1. d4 Nf6 2. c4 g6 3. e3 d6 4. Nf3 Bg4 5. Be2 Nc6 6. Nc3 Bg7 7. O-O O-O 8. b3
e5 9. Nxe5 Bxe2 10. Nxc6 Bxd1 11. Nxd8 Raxd8 12. Rxd1 Rfe8 13. Nb5 a6 14. Nxc7
Re7 15. Nd5 Nxd5 16. cxd5 Rc7 17. Ba3 Bf8 18. Rac1 Rdc8 19. Ra1 Rc2 20. Rdc1
Kg7 21. g3 a5 22. Kf1 b5 23. Rxc2 Rxc2 24. Bc1 Kf6 25. Kg2 Kf5 26. Kf3 h5 27.
e4+ Kf6 28. h4 Rc3+ 29. Kg2 Ke7 30. Bd2 Rd3 31. Bxa5 Rxd4 32. Re1 Kd7 33. Re2
Bh6 34. f4 Rd3 35. Bb4 Bg7 36. Ba3 Bc3 37. Bc1 Bd4 38. Rd2 Rxd2+ 39. Bxd2 f6
40. Kf3 Bc5 41. Bc3 Ke7 42. g4 b4 43. Bb2 Kf7 44. g5 f5 45. e5 Ke7 46. e6 Ke8
47. Ke2 Ke7 48. Bf6+ Ke8 49. Bb2 Ke7 50. Bc1 Bd4 51. Be3 Bc3 52. Bb6 Bb2 53.
Kd3 Ba3 54. Be3 Bb2 55. Kc4 Bc3 56. Bd4 Be1 57. Bf6+ Ke8 58. Bd4 Bxh4 59. Kxb4
Bg3 60. Be3 h4 61. Kb5 h3 62. Bg1 Bxf4 63. a4 Be5 64. Kc6 Ke7 65. b4 Bd4 66.
Bh2 Be5 67. Bxe5 dxe5 68. d6+ Kd8 69. e7+ Ke8 70. d7+ Kxe7 71. Kc7 h2 72. d8=Q+
Ke6 73. Qd7# 1-0

[Event "13. Lovsprings EMT Basis 3 2002"]
[Site "Ringsted"]
[Date "2002.03.22"]
[Round "3"]
[White "Nielsen, Jonas"]
[Black "Vilsgaard, Lars"]
[Result "1-0"]
[WhiteElo "1027"]
[BlackElo "1064"]
[PlyCount "55"]
[EventDate "2002.??.??"]

1. e4 e5 2. Nf3 Nc6 3. Bb5 d6 4. d4 Bd7 5. Nc3 Nf6 6. Bg5 Be7 7. O-O O-O 8.
dxe5 dxe5 9. Bxc6 Bxc6 10. Nxe5 Qxd1 11. Raxd1 Rfe8 12. Nxc6 bxc6 13. f3 h6 14.
Bxf6 Bxf6 15. Na4 Rab8 16. b3 Rb5 17. Rd7 Be5 18. Rfd1 Bd6 19. g3 Kf8 20. f4
Rxe4 21. Nc3 Bc5+ 22. Kf1 Re3 23. Nxb5 cxb5 24. Rxc7 Bb4 25. Rd8+ Re8 26. Rxe8+
Kxe8 27. Rxa7 f6 28. Rb7 1-0

[Event "13. Lovsprings EMT Basis 3 2002"]
[Site "Ringsted"]
[Date "2002.04.02"]
[Round "3"]
[White "Nielsen, Poul"]
[Black "Janbazi, Farzad"]
[Result "0-1"]
[WhiteElo "1064"]
[BlackElo "1046"]
[PlyCount "66"]
[EventDate "2002.??.??"]

1. d4 c6 2. c4 d5 3. b3 dxc4 4. bxc4 e6 5. a3 Nd7 6. Nf3 Be7 7. Bb2 Ngf6 8. e3
Ne4 9. Bd3 Qa5+ 10. Nbd2 Nc3 11. Qb3 Na4 12. O-O c5 13. Bc2 Nxb2 14. Qxb2 cxd4
15. exd4 Bf6 16. Ne4 Be7 17. Rfd1 Nf6 18. Nc3 Bd7 19. Ne5 Bc6 20. Nxc6 bxc6 21.
Rd3 O-O 22. a4 Rab8 23. Qc1 Bb4 24. Na2 Bd6 25. c5 Be7 26. Nc3 Qc7 27. Rh3 Rb4
28. Qd2 Rd8 29. Nb5 Qa5 30. Nd6 Bxd6 31. cxd6 Rb1+ 32. Qd1 Rxd1+ 33. Rxd1 g6
0-1

[Event "13. Lovsprings EMT Basis 3 2002"]
[Site "Ringsted"]
[Date "2002.04.05"]
[Round "4"]
[White "Jakobsen, Henning"]
[Black "Astrup, Knud"]
[Result "1-0"]
[WhiteElo "1091"]
[BlackElo "1056"]
[PlyCount "115"]
[EventDate "2002.??.??"]

1. d4 d5 2. c4 e5 3. Nf3 dxc4 4. Nxe5 Be6 5. Nc3 c6 6. e3 Nd7 7. Nxc4 Bxc4 8.
Bxc4 Nb6 9. Bb3 Nf6 10. Qf3 Bb4 11. O-O O-O 12. Ne2 Re8 13. a3 Bd6 14. Nf4 Qc7
15. Bd2 Bxf4 16. exf4 Rad8 17. Bc3 Nbd5 18. g3 Qb6 19. Ba2 Ne4 20. Rab1 Rd7 21.
Bxd5 cxd5 22. Rfe1 Rde7 23. Bb4 Rd7 24. Bc5 Qa6 25. Qd1 b6 26. Bb4 Qb7 27. f3
a5 28. Bc3 Nf6 29. Rxe8+ Nxe8 30. Qb3 h6 31. Re1 Nd6 32. Kg2 Nc4 33. Qa2 Re7
34. Kf2 Rxe1 35. Bxe1 Qe7 36. Qb3 Qf6 37. Qc3 Qc6 38. Kg2 a4 39. g4 Qb5 40. Kf2
Qxb2+ 41. Qxb2 Nxb2 42. Ke2 Nc4 43. Bb4 b5 44. Kd3 f6 45. Bc5 g6 46. Kc3 Kf7
47. Kb4 Nd2 48. Kxb5 Nxf3 49. h3 Ke6 50. Kxa4 f5 51. Kb5 g5 52. Kc6 Nh4 53. Bd6
Ng6 54. fxg5 f4 55. gxh6 f3 56. Bg3 Ne7+ 57. Kc5 Ng6 58. a4 1-0

[Event "13. Lovsprings EMT Basis 3 2002"]
[Site "Ringsted"]
[Date "2002.04.05"]
[Round "4"]
[White "Janbazi, Farzad"]
[Black "Holst, Lasse"]
[Result "0-1"]
[WhiteElo "1046"]
[BlackElo "1059"]
[PlyCount "144"]
[EventDate "2002.??.??"]

1. d4 d5 2. Nf3 Nc6 3. Bf4 Nf6 4. c3 Bf5 5. e3 a6 6. Ne5 Nxe5 7. dxe5 Ne4 8.
Bd3 e6 9. Nd2 Nxc3 10. bxc3 Bxd3 11. Nf3 Bb5 12. Nd4 Bc4 13. Qf3 c6 14. e4 Qa5
15. Bd2 Be7 16. exd5 cxd5 17. Qd1 Qc7 18. Bf4 Qd8 19. Nf3 Bc5 20. Be3 Bxe3 21.
fxe3 Qb6 22. Qd2 Rc8 23. Kf2 Qc7 24. Rhc1 Qe7 25. Qb2 Rb8 26. a3 Bb5 27. Qb4
Qxb4 28. cxb4 O-O 29. Rc3 Rbc8 30. Rac1 Rc4 31. Nd2 Rc6 32. Nb3 f6 33. Rxc6
fxe5+ 34. Kg3 Bxc6 35. Nc5 Rf6 36. Nxa6 Rg6+ 37. Kf2 Rf6+ 38. Kg3 Rg6+ 39. Kf2
d4 40. g3 Rf6+ 41. Ke1 dxe3 42. Nc5 Rf2 43. Rc3 Rf3 44. Nd3 Bb5 45. Rc8+ Rf8
46. Rxf8+ Kxf8 47. Nxe5 e2 48. Nf3 Kf7 49. Nd4 Bd3 50. Nf3 Kf6 51. Ng1 Kf5 52.
Nh3 g5 53. Nf2 Bc4 54. h3 h5 55. a4 e5 56. g4+ hxg4 57. Nxg4 Kf4 58. Nf2 e4 59.
Ng4 Kg3 60. Ne3 Bd3 61. Ng4 Kxh3 62. Nf2+ Kg3 63. b5 Kf3 64. Nh3 g4 65. Ng1+
Ke3 66. b6 Bc4 67. a5 g3 68. a6 Bxa6 69. Nxe2 Kf3 70. Ng1+ Kg2 71. Ne2 Bxe2 72.
Kxe2 Kh2 0-1

[Event "13. Lovsprings EMT Basis 3 2002"]
[Site "Ringsted"]
[Date "2002.04.05"]
[Round "4"]
[White "Nielsen, Jonas"]
[Black "Nielsen, Poul"]
[Result "1-0"]
[WhiteElo "1027"]
[BlackElo "1064"]
[PlyCount "99"]
[EventDate "2002.??.??"]

1. e4 c5 2. Nf3 e6 3. g3 d5 4. exd5 Qxd5 5. Nc3 Qd8 6. d3 a6 7. Bg2 Nf6 8. O-O
Be7 9. Be3 Bd7 10. Ne5 Qc7 11. Nxd7 Nbxd7 12. Qf3 Rb8 13. Bf4 e5 14. Bg5 O-O
15. Nd5 Qd6 16. Nxe7+ Qxe7 17. Bh3 Rfd8 18. Bxd7 Rxd7 19. Bxf6 gxf6 20. Rfe1
Qd6 21. Re4 Kf8 22. Rh4 Ke7 23. Rxh7 Rg8 24. h4 Qe6 25. Kh2 Rg4 26. Rh5 Rd5 27.
Qf5 Qxf5 28. Rxf5 Ke6 29. Rf3 f5 30. Kg2 e4 31. Re3 Re5 32. Rg1 f4 33. Rxe4
Rxe4 34. dxe4 fxg3 35. fxg3 Rxe4 36. Rf1 f5 37. h5 Rg4 38. h6 Rg8 39. h7 Rh8
40. Rh1 Kf6 41. Kf3 Kg5 42. c4 b6 43. b3 b5 44. a3 Kg6 45. Kf4 Kf6 46. Rh6+ Kg7
47. Rxa6 bxc4 48. bxc4 Rxh7 49. Ra7+ Kg6 50. Rxh7 1-0

[Event "13. Lovsprings EMT Basis 3 2002"]
[Site "Ringsted"]
[Date "2002.04.05"]
[Round "4"]
[White "Vilsgaard, Lars"]
[Black "Hoffmann, Jesper"]
[Result "1/2-1/2"]
[WhiteElo "1064"]
[BlackElo "1098"]
[PlyCount "54"]
[EventDate "2002.??.??"]

1. e4 e5 2. Nf3 Nc6 3. Bc4 Bc5 4. O-O Nf6 5. d3 h6 6. h3 O-O 7. Nc3 d6 8. a3 a6
9. Bd2 Be6 10. Ba2 d5 11. exd5 Nxd5 12. Bxd5 Bxd5 13. Re1 f6 14. Nxd5 Qxd5 15.
Qe2 Rfe8 16. Qe4 Qxe4 17. Rxe4 Rad8 18. Bc3 Nd4 19. Bxd4 exd4 20. Rae1 Kf7 21.
Nd2 f5 22. Re5 g6 23. Kf1 Rxe5 24. Rxe5 Bb6 25. f3 Re8 26. Nc4 Rxe5 27. Nxe5+
Kf6 1/2-1/2

[Event "13. Lovsprings EMT Basis 3 2002"]
[Site "Ringsted"]
[Date "2002.04.12"]
[Round "5"]
[White "Astrup, Knud"]
[Black "Janbazi, Farzad"]
[Result "0-1"]
[WhiteElo "1056"]
[BlackElo "1046"]
[PlyCount "58"]
[EventDate "2002.??.??"]

1. f4 d5 2. Nf3 Bf5 3. e3 e6 4. Be2 h6 5. O-O Bc5 6. b3 Nf6 7. Bb2 Nc6 8. Bb5
Ke7 9. Bxc6 bxc6 10. Ne5 Qd6 11. Kh1 Rhg8 12. Qe2 a6 13. d4 Bb6 14. c4 c5 15.
cxd5 exd5 16. Ba3 g5 17. fxg5 Rxg5 18. Nd2 c6 19. Ndf3 Rg7 20. Rac1 Nd7 21.
Nxd7 Qxd7 22. Bxc5+ Bxc5 23. Rxc5 f6 24. Qf2 Rag8 25. Ne1 Rg5 26. Rg1 Be4 27.
Qd2 Qh3 28. Rxc6 Qxh2+ 29. Kxh2 Rh5# 0-1

[Event "13. Lovsprings EMT Basis 3 2002"]
[Site "Ringsted"]
[Date "2002.04.12"]
[Round "5"]
[White "Hoffmann, Jesper"]
[Black "Jakobsen, Henning"]
[Result "1-0"]
[WhiteElo "1098"]
[BlackElo "1091"]
[PlyCount "49"]
[EventDate "2002.??.??"]

1. e4 Nc6 2. Nf3 d6 3. d4 Bg4 4. Be2 Nf6 5. Nc3 g6 6. h3 Bxf3 7. Bxf3 Bg7 8.
O-O O-O 9. Re1 Nd7 10. Be3 e5 11. dxe5 Ndxe5 12. Bf4 Nxf3+ 13. Qxf3 Nd4 14. Qd3
Ne6 15. Bg3 a6 16. Rad1 f5 17. exf5 Nc5 18. Qd5+ Kh8 19. fxg6 h6 20. Re3 Rf6
21. Bh4 c6 22. Bxf6 Qxf6 23. Qxd6 Qg5 24. Rde1 Rd8 25. Re8+ 1-0

[Event "13. Lovsprings EMT Basis 3 2002"]
[Site "Ringsted"]
[Date "2002.04.12"]
[Round "5"]
[White "Holst, Lasse"]
[Black "Nielsen, Jonas"]
[Result "1/2-1/2"]
[WhiteElo "1059"]
[BlackElo "1027"]
[PlyCount "127"]
[EventDate "2002.??.??"]

1. d4 Nf6 2. c4 e5 3. d5 Bc5 4. Nf3 d6 5. h3 O-O 6. Nc3 h6 7. e4 Bb4 8. Bd3
Nbd7 9. Bd2 Nc5 10. Qe2 Nxd3+ 11. Qxd3 Bxc3 12. Bxc3 b6 13. b3 a5 14. O-O Ba6
15. a4 Nd7 16. Nd2 Nc5 17. Qg3 Qg5 18. Qxg5 hxg5 19. Rfe1 Bb7 20. Re3 f6 21. g4
Kf7 22. Rb1 Rh8 23. Kg2 Bc8 24. Nf1 Bd7 25. Be1 Ke7 26. f3 Rh7 27. Nd2 Rah8 28.
Nf1 Rxh3 29. Ng3 R3h7 30. Kf1 Rf8 31. Bf2 g6 32. Rc3 Rfh8 33. Ke2 Rh2 34. Rcc1
Kf7 35. Rf1 R8h3 36. Ke3 Kg7 37. Rfd1 Rh8 38. Rf1 Rf8 39. Rh1 Rxh1 40. Rxh1
Nxb3 41. Kd3 Rh8 42. Rb1 Bxa4 43. Ne2 Rh2 44. Be3 Nd4 45. Re1 Nxf3 46. Rf1 Nh4
47. Rg1 Rg2 48. Rb1 f5 49. Bxb6 fxe4+ 50. Ke3 Bc2 51. Rb5 Bd3 52. Nc3 Rg3+ 53.
Kf2 Rf3+ 54. Ke1 Bxc4 55. Rxa5 Rxc3 56. Bxc7 Nf3+ 57. Kd1 Rd3+ 58. Kc2 Rxd5 59.
Ra7 Kf6 60. Bd8+ Ke6 61. Re7+ Kf6 62. Rd7+ Ke6 63. Re7+ Kf6 64. Rd7+ 1/2-1/2

[Event "13. Lovsprings EMT Basis 3 2002"]
[Site "Ringsted"]
[Date "2002.04.12"]
[Round "5"]
[White "Nielsen, Poul"]
[Black "Vilsgaard, Lars"]
[Result "1/2-1/2"]
[WhiteElo "1064"]
[BlackElo "1064"]
[PlyCount "81"]
[EventDate "2002.??.??"]

1. d4 d5 2. Nc3 Nf6 3. Bf4 a6 4. h3 Nc6 5. Nf3 Bf5 6. Nh4 Bc8 7. Nf3 h6 8. Ne5
Bd7 9. e3 e6 10. Bd3 Bb4 11. Qd2 O-O 12. a3 Bxc3 13. Qxc3 Nh5 14. Bh2 Nf6 15.
Qb3 Rb8 16. c4 Na7 17. Rc1 Bc6 18. c5 Qe7 19. Qd1 Bb5 20. Bxb5 Nxb5 21. c6 Nd6
22. Qd3 b5 23. O-O Rfe8 24. f3 Kh8 25. g4 Nh7 26. Bf4 g5 27. Bg3 Rg8 28. e4 Nf6
29. exd5 Nxd5 30. Nd7 Ra8 31. Be5+ f6 32. Bxd6 Qxd6 33. Qd2 Qg3+ 34. Qg2 Qf4
35. Qf2 Rae8 36. Rfe1 Rg7 37. Rc2 Rh7 38. Rce2 Rhe7 39. Re4 Qd6 40. Rc1 Kg7 41.
Qh2 1/2-1/2

[Event "13. Lovsprings EMT Basis 3 2002"]
[Site "Ringsted"]
[Date "2002.04.19"]
[Round "6"]
[White "Janbazi, Farzad"]
[Black "Hoffmann, Jesper"]
[Result "1/2-1/2"]
[WhiteElo "1046"]
[BlackElo "1098"]
[PlyCount "91"]
[EventDate "2002.??.??"]

1. d4 d5 2. Nf3 Nc6 3. Bf4 Bf5 4. e3 a6 5. c3 Nf6 6. Nbd2 e6 7. Ne5 Nxe5 8.
dxe5 Nd7 9. Nf3 h6 10. Be2 Bc5 11. Nd4 Bg6 12. h4 O-O 13. h5 Bh7 14. Rh3 c6 15.
Bd3 Qc7 16. Bxh7+ Kxh7 17. Qd3+ Kh8 18. Nf3 Qd8 19. g4 f6 20. Nh4 Kg8 21. Ng6
Rf7 22. Rg3 fxe5 23. Bxe5 Nxe5 24. Nxe5 Rf6 25. f4 Bd6 26. Nf3 Qf8 27. g5 hxg5
28. Nxg5 Rh6 29. O-O-O Qf5 30. Qe2 e5 31. fxe5 Bxe5 32. Rf1 Qd7 33. Rgf3 Rf6
34. Qd3 Rh6 35. Rf5 Bf6 36. Ne4 Rf8 37. Nc5 Qc8 38. Nb3 Be7 39. Rxf8+ Bxf8 40.
Rf5 Qe8 41. Qe2 Qe4 42. Qf2 Be7 43. Nd2 Qh4 44. Qf3 Rf6 45. Rxf6 Qxf6 46. Qg4
1/2-1/2

[Event "13. Lovsprings EMT Basis 3 2002"]
[Site "Ringsted"]
[Date "2002.04.15"]
[Round "6"]
[White "Nielsen, Jonas"]
[Black "Astrup, Knud"]
[Result "0-1"]
[WhiteElo "1027"]
[BlackElo "1056"]
[PlyCount "66"]
[EventDate "2002.??.??"]

1. e4 e6 2. Qe2 c5 3. g3 d5 4. Bg2 dxe4 5. Bxe4 Qc7 6. Bg2 Bd7 7. Nf3 Nc6 8. c3
h6 9. d3 Bd6 10. O-O Nf6 11. Be3 O-O 12. Nbd2 Rad8 13. Nc4 Be7 14. Bf4 Qc8 15.
Nfe5 Nxe5 16. Bxe5 b6 17. Nd6 Bxd6 18. Bxd6 Rfe8 19. Be5 Nh7 20. d4 cxd4 21.
Bxd4 Nf8 22. Qg4 e5 23. Qe4 exd4 24. Qxd4 Bb5 25. Qf4 Bxf1 26. Bxf1 Ne6 27. Qg4
Re7 28. Qe4 Red7 29. Qe1 Ng5 30. Be2 Re8 31. Kf1 Rde7 32. Rd1 Qh3+ 33. Kg1 Nf3+
0-1

[Event "13. Lovsprings EMT Basis 3 2002"]
[Site "Ringsted"]
[Date "2002.04.19"]
[Round "6"]
[White "Nielsen, Poul"]
[Black "Holst, Lasse"]
[Result "0-1"]
[WhiteElo "1064"]
[BlackElo "1059"]
[PlyCount "70"]
[EventDate "2002.??.??"]

1. d4 c6 2. c4 d5 3. e3 Nf6 4. Nc3 Bf5 5. Bd3 Qd7 6. Qc2 Bxd3 7. Qxd3 Na6 8. a3
Qg4 9. Qf1 dxc4 10. h3 Qe6 11. Nf3 b5 12. Ne5 Nd5 13. f4 g6 14. Ne4 f6 15. Qf3
fxe5 16. fxe5 Bh6 17. g4 Rf8 18. Qg3 g5 19. h4 Qg6 20. Nf2 gxh4 21. Rxh4 Rf7
22. Rxh6 Qxh6 23. e4 Nf4 24. g5 Qf8 25. Bxf4 Rxf4 26. Ke2 Nc7 27. g6 hxg6 28.
Qxg6+ Kd7 29. Rf1 Ne6 30. Ke3 Rf3+ 31. Ke2 Nxd4+ 32. Ke1 Re3+ 33. Kd2 Re2+ 34.
Kd1 Rxf2 35. Qg4+ Kc7 0-1

[Event "13. Lovsprings EMT Basis 3 2002"]
[Site "Ringsted"]
[Date "2002.04.19"]
[Round "6"]
[White "Vilsgaard, Lars"]
[Black "Jakobsen, Henning"]
[Result "1-0"]
[WhiteElo "1064"]
[BlackElo "1091"]
[PlyCount "115"]
[EventDate "2002.??.??"]

1. e4 Nc6 2. Nf3 d6 3. d4 Bg4 4. Be2 e5 5. dxe5 Bxf3 6. Bxf3 Nxe5 7. Nc3 Nf6 8.
O-O Be7 9. Bf4 O-O 10. Bxe5 dxe5 11. Qxd8 Rfxd8 12. Rad1 Bd6 13. Rfe1 Kf8 14.
h3 Ke8 15. a3 a6 16. Kf1 b5 17. Nd5 Nxd5 18. Rxd5 c6 19. Rd3 Ra7 20. Red1 Rad7
21. Bg4 Ke7 22. Bxd7 Rxd7 23. Ke2 g6 24. Kf3 f5 25. exf5 gxf5 26. Ke2 Ke6 27.
g4 f4 28. f3 h6 29. h4 c5 30. c3 Ke7 31. b4 c4 32. R3d2 Ke6 33. Ra1 Ke7 34. a4
Ke6 35. axb5 axb5 36. Ra5 Rb7 37. Ra8 Rh7 38. Ra5 Rb7 39. Rd1 Be7 40. Ra6+ Kf7
41. Rxh6 Ra7 42. Rc1 Rd7 43. g5 Rd3 44. Rb6 Re3+ 45. Kf2 e4 46. fxe4 Rxe4 47.
Kf3 Re6 48. Rxe6 Kxe6 49. Kxf4 Bd6+ 50. Kg4 Be5 51. Rc2 Kf7 52. Kf5 Bg3 53. h5
Kg7 54. h6+ Kh7 55. Kf6 Bf4 56. Re2 Kg8 57. Kg6 Bd6 58. Re8+ 1-0

[Event "13. Lovsprings EMT Basis 3 2002"]
[Site "Ringsted"]
[Date "2002.05.03"]
[Round "7"]
[White "Astrup, Knud"]
[Black "Nielsen, Poul"]
[Result "1-0"]
[WhiteElo "1056"]
[BlackElo "1064"]
[PlyCount "93"]
[EventDate "2002.??.??"]

1. f4 d5 2. Nf3 Nc6 3. g3 Nf6 4. Bg2 e6 5. b3 Be7 6. Bb2 b6 7. e3 Bb7 8. Qe2
Qd7 9. d3 O-O 10. Nbd2 Nb4 11. Nb1 Ba6 12. a3 Nc6 13. O-O Rad8 14. Nbd2 Rde8
15. c4 Bb7 16. Ne5 Qd8 17. cxd5 Nxd5 18. Nxc6 Bxc6 19. Nf3 Bf6 20. e4 Bxb2 21.
Qxb2 Ne3 22. Rfc1 Bb5 23. d4 Nxg2 24. Kxg2 f6 25. e5 f5 26. Rd1 Qd5 27. Qc3 Be2
28. Rd2 Qe4 29. Kf2 Bxf3 30. Qxf3 Qd5 31. Qxd5 exd5 32. b4 Re6 33. Rc1 Rc8 34.
b5 c5 35. dxc5 Re7 36. Rxd5 Rec7 37. c6 Kf7 38. Rcd1 Ke8 39. Rd7 Kf8 40. e6 Ke8
41. Rxc7 Rxc7 42. Rd7 Rxd7 43. cxd7+ Kd8 44. Ke3 h6 45. Kd4 g5 46. Ke5 gxf4 47.
gxf4 1-0

[Event "13. Lovsprings EMT Basis 3 2002"]
[Site "Ringsted"]
[Date "2002.05.03"]
[Round "7"]
[White "Hoffmann, Jesper"]
[Black "Nielsen, Jonas"]
[Result "1-0"]
[WhiteElo "1098"]
[BlackElo "1027"]
[PlyCount "51"]
[EventDate "2002.??.??"]

1. e4 g6 2. d4 Bg7 3. Nf3 d6 4. Nc3 Bg4 5. Be3 Nf6 6. h3 Bxf3 7. Qxf3 c6 8.
O-O-O Nbd7 9. Bc4 O-O 10. a3 a6 11. e5 dxe5 12. dxe5 Ne8 13. Qg4 e6 14. Bxe6
fxe6 15. Qxe6+ Rf7 16. Ne4 Nc7 17. Qb3 Bxe5 18. Ng5 Qe7 19. Qxf7+ Qxf7 20. Nxf7
Kxf7 21. Rxd7+ Kg8 22. f4 Bxb2+ 23. Kxb2 Nd5 24. Bd4 Nxf4 25. Rg7+ Kf8 26. Rf1
1-0